Najpopularniejsze piosenki Okiego - Statystyki

Ogólne statystyki
  • Ten quiz został rozwiązany 236 razy
  • Średni wynik to 4 z 10
Statystyki odpowiedzi
Hint Odpowiedź % Poprawnych
19 mln Jeżyk
91%
10 mln Jakie to uczucie?
82%
17 mln Siri
74%
7 mln WHOOP?
52%
2,9 mln Pieniądze dziewczyny zwrotki
40%
5,2 mln Justin Bieber
34%
2,9 mln Dzielny pacjent
28%
3 mln Dla ziomali
19%
2,1 mln 77747
11%
3,1 mln Kochać bloki
6%
Nie znaleziono quizów pasujących do podanych kryteriów
Rozkład punktacji
Procent ludzi z każdym wynikiem
Percentyl według liczby udzielonych odpowiedzi
Twoja historia wyników
Nie rozwiązałeś tego quizu